[Event "24th Bosnjaci Open 2019"]
[Site "Bosnjaci"]
[Date "2019.01.04"]
[Round "3.19"]
[White "Lombarovic, Marko"]
[Black "Lesic, Krunoslav"]
[Result "0-1"]
[WhiteElo "1764"]
[BlackElo "2067"]
[Annotator "NA"]
[PlyCount "90"]
[EventDate "2019.01.03"]
[EventType "swiss"]
[EventCountry "CRO"]
[SourceTitle "playchess.com"]
[Source "ChessBase"]
[SourceQuality "1"]
[TimeControl "5400+30"]

1. e4 {[%emt 0:00:30]} e6 {[%emt 0:07:30]} 2. Nf3 {[%emt 0:00:30]} d5 {[%emt 0:01:30]} 3. exd5 {[%emt 0:00:30]} exd5 {[%emt 0:00:00]} 4. d4 {[%emt 0:00:30]} Bf5 {[%emt 0:01:00]} 5. Bd3 {[%emt 0:00:30]} Bxd3 {[%emt 0:00:30]} 6. Qxd3 {[%emt 0:00:30]} c6 {[%emt 0:01:30]} 7. O-O {[%emt 0:00:00]} Bd6 {[%emt 0:01:30]} 8. Re1+ {[%emt 0:00:00]} Ne7 {[%emt 0:00:00]} 9. Bg5 {[%emt 0:00:30]} O-O {[%emt 0:01:00]} 10. Nbd2 {[%emt 0:01:30]} Re8 {[%emt 0:00:00]} 11. Re2 {[%emt 0:00:30]} h6 {[%emt 0:00:00]} 12. Bh4 {[%emt 0:02:30]} Na6 {[%emt 0:01:30]} 13. c3 {[%emt 0:00:00]} Nc7 {[%emt 0:00:30]} 14. Rae1 {[%emt 0:00:00]} Ne6 {[%emt 0:00:00]} 15. Bg3 {[%emt 0:01:30]} Bf4 {[%emt 0:08:00]} 16. Ne5 {[%emt 0:06:30]} Bxe5 {[%emt 0:01:30]} 17. Rxe5 {[%emt 0:00:30]} Qd7 {[%emt 0:00:30]} 18. Nf3 {[%emt 0:00:30]} Ng6 {[%emt 0:00:30]} 19. R5e3 {[%emt 0:00:30]} Nef4 {[%emt 0:10:30]} 20. Qd2 {[%emt 0:04:30]} Nh5 {[%emt 0:04:30]} 21. Ne5 {[%emt 0:05:30]} Nxe5 {[%emt 0:00:30]} 22. Bxe5 {[%emt 0:00:30]} f6 {[%emt 0:00:30]} 23. Bg3 {[%emt 0:00:30]} Nxg3 {[%emt 0:01:30]} 24. hxg3 {[%emt 0:00:30]} Kf8 {[%emt 0:04:30]} 25. Qd3 {[%emt 0:00:30]} Kf7 {[%emt 0:01:30]} 26. f3 {[%emt 0:03:30]} Rxe3 {[%emt 0:04:30]} 27. Rxe3 {[%emt 0:01:30]} Re8 {[%emt 0:02:30]} 28. Kf2 {[%emt 0:00:30]} Rxe3 {[%emt 0:00:00]} 29. Qxe3 {[%emt 0:00:30]} Qf5 {[%emt 0:00:00]} 30. Qe2 {[%emt 0:02:30]} h5 {[%emt 0:02:30]} 31. a3 {[%emt 0:06:30]} g5 {[%emt 0:01:30]} 32. c4 {[%emt 0:01:30]} h4 {[%emt 0:05:30]} 33. gxh4 {[%emt 0:03:30]} gxh4 {[%emt 0:00:30]} 34. cxd5 {[%emt 0:00:30]} cxd5 {[%emt 0:14:30]} 35. Qd2 {[%emt 0:04:30]} Qb1 {[%emt 0:03:30]} 36. Qc3 {[%emt 0:01:30]} Kg6 {[%emt 0:00:30]} 37. Qd2 {[%emt 0:00:00]} a5 {[%emt 0:02:30]} 38. Ke3 {[%emt 0:00:00]} Kf5 {[%emt 0:00:52]} 39. Kf2 {[%emt 0:00:30]} b5 {[%emt 0:01:23]} 40. Ke3 {[%emt 0:01:30]} Qg1+ {[%emt 0:01:23]} 41. Qf2 {[%emt 0:00:30]} Qxf2+ {[%emt 0:00:19]} 42. Kxf2 {[%emt 0:00:30]} Kf4 {[%emt 0:00:00]} 43. b3 {[%emt 0:00:00]} b4 {[%emt 0:00:44]} 44. axb4 {[%emt 0:00:00]} axb4 {[%emt 0:00:01]} 45. Kg1 {[%emt 0:00:30]} Ke3 {[%emt 0:00:25]} 0-1

[Event "24th Bosnjaci Open 2019"]
[Site "Bosnjaci"]
[Date "2019.01.04"]
[Round "3.20"]
[White "Samblic, Silvano"]
[Black "Damjanovic, Stjepan"]
[Result "1/2-1/2"]
[WhiteElo "2047"]
[BlackElo "1741"]
[Annotator "NA"]
[PlyCount "67"]
[EventDate "2019.01.03"]
[EventType "swiss"]
[EventCountry "CRO"]
[SourceTitle "playchess.com"]
[Source "ChessBase"]
[SourceQuality "1"]
[TimeControl "5400+30"]

1. e4 {[%emt 0:03:30]} c5 {[%emt 0:00:30]} 2. Nc3 {[%emt 0:00:30]} Nc6 {[%emt 0:00:00]} 3. d3 {[%emt 0:00:30]} g6 {[%emt 0:00:00]} 4. Be3 {[%emt 0:00:30]} b6 {[%emt 0:01:30]} 5. Qd2 {[%emt 0:00:30]} Bg7 {[%emt 0:00:30]} 6. Be2 {[%emt 0:00:30]} Nf6 {[%emt 0:00:30]} 7. h4 {[%emt 0:00:00]} h5 {[%emt 0:01:30]} 8. f4 {[%emt 0:06:00]} d6 {[%emt 0:03:30]} 9. Bf3 {[%emt 0:08:30]} Qd7 {[%emt 0:07:30]} 10. O-O-O {[%emt 0:08:30]} Bb7 {[%emt 0:11:30]} 11. Nge2 {[%emt 0:03:30]} O-O-O {[%emt 0:08:30]} 12. d4 {[%emt 0:03:30]} e6 {[%emt 0:07:30]} 13. dxc5 {[%emt 0:05:30]} dxc5 {[%emt 0:01:30]} 14. Qxd7+ {[%emt 0:03:30]} Rxd7 {[%emt 0:00:30]} 15. Rxd7 {[%emt 0:02:30]} Nxd7 {[%emt 0:01:30]} 16. Nb5 {[%emt 0:02:30]} Bf8 {[%emt 0:10:30]} 17. Rd1 {[%emt 0:06:30]} a6 {[%emt 0:04:30]} 18. Nd6+ {[%emt 0:04:30]} Bxd6 {[%emt 0:01:30]} 19. Rxd6 {[%emt 0:00:30]} Kc7 {[%emt 0:01:30]} 20. e5 {[%emt 0:01:30]} Rd8 {[%emt 0:01:30]} 21. Nc3 {[%emt 0:01:30]} Ne7 {[%emt 0:10:30]} 22. Bxb7 {[%emt 0:07:30]} Kxb7 {[%emt 0:01:30]} 23. Bf2 {[%emt 0:00:30]} Nf5 {[%emt 0:00:30]} 24. Rd2 {[%emt 0:00:30]} Kc7 {[%emt 0:00:00]} 25. Ne4 {[%emt 0:00:30]} Nb8 {[%emt 0:01:00]} 26. Ng5 {[%emt 0:00:30]} Rxd2 {[%emt 0:00:30]} 27. Kxd2 {[%emt 0:00:30]} Nh6 {[%emt 0:00:30]} 28. Kd3 {[%emt 0:02:30]} Kd7 {[%emt 0:01:30]} 29. b4 {[%emt 0:01:30]} Kc6 {[%emt 0:09:08]} 30. bxc5 {[%emt 0:03:30]} bxc5 {[%emt 0:00:16]} 31. g3 {[%emt 0:02:30]} Kd5 {[%emt 0:01:49]} 32. c4+ {[%emt 0:01:30]} Kc6 {[%emt 0:00:05]} 33. Ne4 {[%emt 0:00:42]} Nd7 {[%emt 0:00:42]} 34. Ng5 {[%emt 0:00:59]} 1/2-1/2

[Event "24th Bosnjaci Open 2019"]
[Site "Bosnjaci"]
[Date "2019.01.04"]
[Round "3.21"]
[White "Kovac, Petar"]
[Black "Katic, Zeljko"]
[Result "0-1"]
[WhiteElo "1747"]
[BlackElo "2035"]
[Annotator "NA"]
[PlyCount "70"]
[EventDate "2019.01.03"]
[EventType "swiss"]
[EventCountry "CRO"]
[SourceTitle "playchess.com"]
[Source "ChessBase"]
[SourceQuality "1"]
[TimeControl "5400+30"]

1. d4 {[%emt 0:00:30]} Nf6 {[%emt 0:03:30]} 2. c4 {[%emt 0:00:00]} d6 {[%emt 0:01:30]} 3. Nc3 {[%emt 0:00:00]} g6 {[%emt 0:00:30]} 4. e4 {[%emt 0:00:30]} Bg7 {[%emt 0:00:30]} 5. f3 {[%emt 0:00:00]} c6 {[%emt 0:08:30]} 6. Be3 {[%emt 0:00:00]} h6 {[%emt 0:00:30]} 7. Qd2 {[%emt 0:01:30]} Nbd7 {[%emt 0:05:30]} 8. Nh3 {[%emt 0:01:30]} a6 {[%emt 0:00:30]} 9. c5 {[%emt 0:04:30]} Qa5 {[%emt 0:04:30]} 10. Rd1 {[%emt 0:03:30]} dxc5 {[%emt 0:04:30]} 11. dxc5 {[%emt 0:00:00]} Ne5 {[%emt 0:00:30]} 12. b4 {[%emt 0:04:00]} Qc7 {[%emt 0:01:30]} 13. Nf2 {[%emt 0:01:30]} Be6 {[%emt 0:01:30]} 14. Qc2 {[%emt 0:10:30]} g5 {[%emt 0:03:30]} 15. Be2 {[%emt 0:03:30]} O-O {[%emt 0:05:30]} 16. O-O {[%emt 0:13:30]} Rad8 {[%emt 0:03:30]} 17. Na4 {[%emt 0:03:30]} Nh5 {[%emt 0:01:30]} 18. g3 {[%emt 0:02:30]} f5 {[%emt 0:02:30]} 19. exf5 {[%emt 0:00:30]} Bxf5 {[%emt 0:01:30]} 20. Qb3+ {[%emt 0:00:30]} Kh8 {[%emt 0:01:30]} 21. g4 {[%emt 0:00:30]} Rxd1 {[%emt 0:06:30]} 22. Nxd1 {[%emt 0:10:30]} Bg6 {[%emt 0:08:30]} 23. gxh5 {[%emt 0:00:30]} Bxh5 {[%emt 0:00:30]} 24. Bc1 {[%emt 0:05:30]} Qd7 {[%emt 0:06:30]} 25. Kg2 {[%emt 0:02:30]} Bf7 {[%emt 0:02:30]} 26. Qc2 {[%emt 0:01:30]} Bd5 {[%emt 0:02:30]} 27. Ne3 {[%emt 0:04:30]} g4 {[%emt 0:03:30]} 28. Nxd5 {[%emt 0:02:30]} Qxd5 {[%emt 0:00:55]} 29. Nc3 {[%emt 0:01:30]} gxf3+ {[%emt 0:02:25]} 30. Rxf3 {[%emt 0:00:30]} Nxf3 {[%emt 0:01:15]} 31. Nxd5 {[%emt 0:01:30]} Ne1+ {[%emt 0:00:24]} 32. Kg1 {[%emt 0:00:30]} Nxc2 {[%emt 0:00:14]} 33. Nxe7 {[%emt 0:00:30]} Bd4+ {[%emt 0:00:21]} 34. Kh1 {[%emt 0:00:30]} Rf2 {[%emt 0:00:35]} 35. Bd3 {[%emt 0:00:30]} Nxb4 {[%emt 0:00:27]} 0-1

[Event "24th Bosnjaci Open 2019"]
[Site "Bosnjaci"]
[Date "2019.01.04"]
[Round "3.22"]
[White "Jergovic, Andrija"]
[Black "Mikic, Ivana"]
[Result "1-0"]
[WhiteElo "2012"]
[BlackElo "1739"]
[Annotator "NA"]
[PlyCount "81"]
[EventDate "2019.01.03"]
[EventType "swiss"]
[EventCountry "CRO"]
[SourceTitle "playchess.com"]
[Source "ChessBase"]
[SourceQuality "1"]
[TimeControl "5400+30"]

1. e4 {[%emt 0:00:30]} e5 {[%emt 0:00:30]} 2. Nf3 {[%emt 0:00:00]} Nc6 {[%emt 0:00:00]} 3. Bc4 {[%emt 0:01:00]} Bc5 {[%emt 0:00:00]} 4. O-O {[%emt 0:00:30]} Nf6 {[%emt 0:00:30]} 5. d3 {[%emt 0:00:00]} d6 {[%emt 0:00:30]} 6. h3 {[%emt 0:00:00]} a6 {[%emt 0:00:30]} 7. a4 {[%emt 0:00:30]} Ne7 {[%emt 0:01:30]} 8. c3 {[%emt 0:00:30]} Ba7 {[%emt 0:04:30]} 9. Qb3 {[%emt 0:00:30]} O-O {[%emt 0:00:00]} 10. Ng5 {[%emt 0:01:30]} Qe8 {[%emt 0:03:00]} 11. Na3 {[%emt 0:00:00]} h6 {[%emt 0:00:30]} 12. Nf3 {[%emt 0:00:00]} Ng6 {[%emt 0:00:00]} 13. Be3 {[%emt 0:00:30]} Nh5 {[%emt 0:04:00]} 14. Rfe1 {[%emt 0:00:30]} Qe7 {[%emt 0:02:30]} 15. Nc2 {[%emt 0:01:30]} Qf6 {[%emt 0:01:30]} 16. Nh2 {[%emt 0:00:30]} Nhf4 {[%emt 0:09:30]} 17. Rad1 {[%emt 0:08:30]} Nh4 {[%emt 0:04:30]} 18. Bxa7 {[%emt 0:00:30]} Rxa7 {[%emt 0:01:30]} 19. Ne3 {[%emt 0:01:30]} Nfxg2 {[%emt 0:04:30]} 20. Nxg2 {[%emt 0:00:00]} Bxh3 {[%emt 0:00:30]} 21. Nxh4 {[%emt 0:02:00]} Qxh4 {[%emt 0:00:30]} 22. Re3 {[%emt 0:00:30]} Qh5 {[%emt 0:04:30]} 23. Rg3 {[%emt 0:00:30]} Kh8 {[%emt 0:02:30]} 24. Rd2 {[%emt 0:06:30]} f5 {[%emt 0:01:30]} 25. exf5 {[%emt 0:01:30]} Rxf5 {[%emt 0:00:30]} 26. Be6 {[%emt 0:02:30]} Rg5 {[%emt 0:00:30]} 27. Bxh3 {[%emt 0:00:00]} Rxg3+ {[%emt 0:00:30]} 28. fxg3 {[%emt 0:00:00]} Qxh3 {[%emt 0:00:30]} 29. Rg2 {[%emt 0:03:30]} Qf5 {[%emt 0:01:30]} 30. Qd5 {[%emt 0:04:30]} Qg6 {[%emt 0:04:30]} 31. Nf3 {[%emt 0:04:30]} c6 {[%emt 0:01:30]} 32. Qe4 {[%emt 0:01:30]} Qe8 {[%emt 0:01:30]} 33. Nh4 {[%emt 0:00:00]} g5 {[%emt 0:00:30]} 34. Nf3 {[%emt 0:02:00]} b5 {[%emt 0:00:30]} 35. d4 {[%emt 0:02:30]} Re7 {[%emt 0:02:30]} 36. dxe5 {[%emt 0:00:30]} dxe5 {[%emt 0:02:30]} 37. Rh2 {[%emt 0:00:30]} Kg7 {[%emt 0:01:30]} 38. Re2 {[%emt 0:03:30]} Qd7 {[%emt 0:02:30]} 39. Nd4 {[%emt 0:03:30]} Qa7 {[%emt 0:03:30]} 40. Kg2 {[%emt 0:00:30]} Re8 {[%emt 0:01:30]} 41. Nf5+ {[%emt 0:02:30]} 1-0

[Event "24th Bosnjaci Open 2019"]
[Site "Bosnjaci"]
[Date "2019.01.04"]
[Round "3.23"]
[White "Dejanovic, Dragan"]
[Black "Duda, Daniel"]
[Result "0-1"]
[WhiteElo "1716"]
[BlackElo "1991"]
[Annotator "NA"]
[PlyCount "74"]
[EventDate "2019.01.03"]
[EventType "swiss"]
[EventCountry "CRO"]
[SourceTitle "playchess.com"]
[Source "ChessBase"]
[SourceQuality "1"]
[TimeControl "5400+30"]

1. d4 {[%emt 0:04:30]} d5 {[%emt 0:00:30]} 2. c4 {[%emt 0:00:00]} e6 {[%emt 0:00:00]} 3. Nc3 {[%emt 0:00:00]} Nf6 {[%emt 0:00:00]} 4. Bf4 {[%emt 0:03:30]} c6 {[%emt 0:02:30]} 5. e3 {[%emt 0:01:30]} Nbd7 {[%emt 0:03:30]} 6. Nf3 {[%emt 0:01:30]} Bb4 {[%emt 0:02:30]} 7. Bd3 {[%emt 0:02:30]} dxc4 {[%emt 0:07:30]} 8. Bxc4 {[%emt 0:08:30]} Nd5 {[%emt 0:03:30]} 9. Bxd5 {[%emt 0:02:30]} exd5 {[%emt 0:00:00]} 10. O-O {[%emt 0:00:30]} Nf6 {[%emt 0:02:00]} 11. Qc2 {[%emt 0:15:30]} Bxc3 {[%emt 0:06:30]} 12. bxc3 {[%emt 0:05:30]} O-O {[%emt 0:06:30]} 13. Nd2 {[%emt 0:18:30]} Nh5 {[%emt 0:02:30]} 14. Be5 {[%emt 0:05:30]} f6 {[%emt 0:01:30]} 15. Bg3 {[%emt 0:00:30]} Nxg3 {[%emt 0:02:30]} 16. hxg3 {[%emt 0:00:30]} f5 {[%emt 0:00:30]} 17. Nf3 {[%emt 0:04:30]} Rf6 {[%emt 0:00:30]} 18. Ne5 {[%emt 0:03:36]} Rh6 {[%emt 0:01:30]} 19. f3 {[%emt 0:06:50]} a5 {[%emt 0:04:30]} 20. Kf2 {[%emt 0:03:09]} Qc7 {[%emt 0:01:30]} 21. Rh1 {[%emt 0:02:02]} Rxh1 {[%emt 0:01:30]} 22. Rxh1 {[%emt 0:00:02]} g6 {[%emt 0:00:30]} 23. f4 {[%emt 0:02:22]} b5 {[%emt 0:03:30]} 24. Nf3 {[%emt 0:03:20]} Ra7 {[%emt 0:00:30]} 25. Ng5 {[%emt 0:00:21]} Qd6 {[%emt 0:00:30]} 26. Qc1 {[%emt 0:01:44]} c5 {[%emt 0:00:30]} 27. Rh6 {[%emt 0:00:51]} Re7 {[%emt 0:03:30]} 28. Qh1 {[%emt 0:00:13]} Qc7 {[%emt 0:00:30]} 29. Qd1 {[%emt 0:02:44]} b4 {[%emt 0:03:30]} 30. cxb4 {[%emt 0:01:21]} cxb4 {[%emt 0:00:30]} 31. Qb3 {[%emt 0:00:06]} Qc4 {[%emt 0:00:30]} 32. Rh1 {[%emt 0:00:20]} Ba6 {[%emt 0:03:30]} 33. Re1 {[%emt 0:00:58]} Bb5 {[%emt 0:01:30]} 34. Qb1 {[%emt 0:00:53]} Rc7 {[%emt 0:01:30]} 35. Ne6 {[%emt 0:00:16]} Qc2+ {[%emt 0:00:00]} 36. Kg1 {[%emt 0:00:08]} Qxb1 {[%emt 0:01:00]} 37. Rxb1 {[%emt 0:00:01]} Re7 {[%emt 0:00:30]} 0-1

[Event "24th Bosnjaci Open 2019"]
[Site "Bosnjaci"]
[Date "2019.01.04"]
[Round "3.24"]
[White "Jelic, Slavko"]
[Black "Petricevic, Ivan"]
[Result "1/2-1/2"]
[WhiteElo "1675"]
[BlackElo "1983"]
[Annotator "NA"]
[PlyCount "48"]
[EventDate "2019.01.03"]
[EventType "swiss"]
[EventCountry "CRO"]
[SourceTitle "playchess.com"]
[Source "ChessBase"]
[SourceQuality "1"]
[TimeControl "5400+30"]

1. d4 {[%emt 0:00:30]} Nf6 {[%emt 0:00:30]} 2. c3 {[%emt 0:00:30]} e6 {[%emt 0:08:30]} 3. Nf3 {[%emt 0:00:30]} c5 {[%emt 0:01:30]} 4. e3 {[%emt 0:01:30]} d5 {[%emt 0:01:30]} 5. Bb5+ {[%emt 0:04:30]} Bd7 {[%emt 0:00:30]} 6. Bxd7+ {[%emt 0:00:00]} Nbxd7 {[%emt 0:00:30]} 7. O-O {[%emt 0:00:00]} Bd6 {[%emt 0:05:30]} 8. Re1 {[%emt 0:01:30]} Ne4 {[%emt 0:01:30]} 9. Nbd2 {[%emt 0:00:30]} f5 {[%emt 0:00:00]} 10. dxc5 {[%emt 0:01:30]} Ndxc5 {[%emt 0:01:00]} 11. Nb3 {[%emt 0:00:30]} O-O {[%emt 0:02:30]} 12. Nxc5 {[%emt 0:02:30]} Nxc5 {[%emt 0:00:30]} 13. Nd4 {[%emt 0:02:30]} Rf6 {[%emt 0:00:30]} 14. g3 {[%emt 0:00:30]} Rh6 {[%emt 0:01:30]} 15. e4 {[%emt 0:00:30]} f4 {[%emt 0:06:30]} 16. e5 {[%emt 0:00:30]} Be7 {[%emt 0:03:30]} 17. Bxf4 {[%emt 0:00:30]} g5 {[%emt 0:00:30]} 18. Bc1 {[%emt 0:01:30]} Qf8 {[%emt 0:01:30]} 19. b4 {[%emt 0:02:30]} Ne4 {[%emt 0:00:30]} 20. Rxe4 {[%emt 0:04:30]} dxe4 {[%emt 0:00:00]} 21. Qg4 {[%emt 0:00:30]} Qf7 {[%emt 0:02:00]} 22. Qxe4 {[%emt 0:00:30]} Rf8 {[%emt 0:00:30]} 23. Be3 {[%emt 0:00:30]} Qh5 {[%emt 0:20:30]} 24. Qg2 {[%emt 0:02:30]} Bd8 {[%emt 0:08:30]} 1/2-1/2